[Event "Mykolaiv IM Feb 2021"]
[Site "Mykolaiv"]
[Date "2021.03.05"]
[Round "9.2"]
[White "Anwesh, Upadhyaya"]
[Black "Vakulenko, Oleksandr"]
[Result "1-0"]
[WhiteElo "2364"]
[BlackElo "2256"]
[Annotator "TA"]
[PlyCount "57"]
[EventDate "2021.02.25"]
[EventType "tourn"]
[EventCountry "UKR"]
[SourceTitle "playchess.com"]
[Source "ChessBase"]
[SourceQuality "1"]

{[%evp 20,57,12,14,30,-10,-14,-25,6,0,13,0,7,0,8,0,18,22,16,18,68,52,328,344,490,439,425,327,430,425,564,557,565,562,712,576,5118,5118,5110,5110]} 1. e4 e5 2. Nf3 Nc6 3. Bb5 a6 4. Ba4 Nf6 5. d4 exd4 6. e5 Ne4 7. O-O Be7 8. Nxd4 Nxd4 9. Qxd4 Nc5 10. Nc3 O-O 11. Nd5 Re8 {C84: Closed Ruy Lopez: Unusual White 6th moves.} 12. Be3 {[#]} Bf8 $146 ({Predecessor:} 12... c6 13. Nxe7+ Qxe7 14. Qxc5 {1-0 (14) Perez Pastora,E (2022)-Garcia Martinez,J (2058) Barcelona 2019}) 13. Rad1 b5 {Black has an edge.} 14. Bb3 Nxb3 15. axb3 Bb7 16. Bf4 d6 17. Qc3 c6 (17... Rc8 $5 {[%cal Rd6e5]}) 18. Ne3 {[%cal Re5d6]} d5 $1 19. Nf5 b4 20. Qg3 $36 {[%mdl 2048] aiming for Nh6+. White fights for an advantage.} Qd7 $2 {[%mdl 8192] [#] Black cannot hold the game after this.} (20... Kh8 $14) 21. Nxg7 $1 $18 {[%mdl 512]} Kh8 (21... Bxg7 $142 22. Bh6 f5) 22. Nxe8 ({Less strong is} 22. Nh5 Qf5 $18) 22... Rxe8 23. Rfe1 Bg7 24. Bg5 {White is clearly winning.} c5 25. Bf6 {[%csl Gf6][%cal Rg3g7]} Rg8 {next ...Bxf6 is good for Black.} 26. Qf4 d4 27. Rd3 {Threatens to win with Rg3.} Bxg2 28. Rg3 {Bxg7+ would kill now.} Bh3 29. Bxg7+ {Weighted Error Value: White=0.19/Black=0.68} 1-0

[Event "Mykolaiv IM Feb 2021"]
[Site "Mykolaiv"]
[Date "2021.03.05"]
[Round "9.3"]
[White "Sydoryka, Vladyslav"]
[Black "Gavrish, Leonid"]
[Result "1-0"]
[WhiteElo "2331"]
[BlackElo "2085"]
[Annotator "TA"]
[PlyCount "75"]
[EventDate "2021.02.25"]
[EventType "tourn"]
[EventCountry "UKR"]
[SourceTitle "playchess.com"]
[Source "ChessBase"]
[SourceQuality "1"]

{[%evp 22,75,33,35,31,33,52,12,34,11,35,0,43,54,49,60,54,66,64,13,20,10,77,73,72,54,68,64,70,50,112,113,247,247,237,219,178,170,346,403,390,373,29976,29978,29978,29978,29976,29979,29979,1797,29980,29981,29996,29997,29997,29998]} 1. c4 Nf6 2. g3 c5 3. Bg2 g6 4. Nc3 Bg7 5. Nf3 O-O 6. d4 cxd4 7. Nxd4 Nc6 8. O-O Ng4 9. e3 d6 10. b3 Nxd4 11. exd4 Nh6 12. Bd2 Nf5 {A39: Symmetrical English vs ...g6: 4 Bg2 Bg7 5 Nf3 Nf6 6 0-0 0-0 7 d4.} 13. d5 Bd7 14. Re1 a6 {The position is equal.} 15. a4 Re8 {[#]} 16. a5 $146 ({Predecessor:} 16. Rc1 Rc8 17. h3 Qb6 18. Ne4 a5 19. g4 Nh4 20. Be3 Qb4 21. Bg5 Nxg2 22. Bd2 {1-0 (40) Vekelis,G (2345)-Gouma,R (2246) ICCF email 2016}) 16... Rc8 17. Ra3 h5 18. Ne4 b5 19. axb6 $1 Qxb6 20. Bf1 ({Better is} 20. Qb1 $14) 20... Nd4 {Threatening ...Bg4.} 21. h3 e5 (21... e6 $1 $11) 22. b4 Bf5 23. g4 hxg4 24. hxg4 Bxe4 25. Rxe4 a5 (25... Rc7 $14) 26. Rxa5 $16 f5 {This costs Black the game.} (26... Qd8 $16 27. Ra3 Qd7) 27. gxf5 $18 gxf5 28. Rh4 e4 {[#] Strongly threatening ...Nf3+.} 29. Ra3 {Black must now prevent Qh5.} Nf3+ $2 (29... Qd8 {is a better defense.} 30. Rhh3 Qf6) 30. Rxf3 exf3 31. Qxf3 Re4 $2 (31... Qd8 $18) 32. Qxf5 Rxh4 33. Qe6+ Kf8 34. Qxc8+ Kf7 35. Qe6+ Kf8 36. Bg5 {White mates.} Rh5 37. Be7+ {[%mdl 64] [#] Double Attack} Ke8 38. Bf6+ {[%mdl 64] Discovered Attack.  Weighted Error Value: White=0.10/Black=0.66} 1-0

[Event "Mykolaiv IM Feb 2021"]
[Site "Mykolaiv"]
[Date "2021.03.05"]
[Round "9.4"]
[White "Boricsev, Oleg"]
[Black "Okhotnik, Vladimir"]
[Result "1/2-1/2"]
[WhiteElo "2234"]
[BlackElo "2350"]
[Annotator "TA"]
[PlyCount "20"]
[EventDate "2021.02.25"]
[EventType "tourn"]
[EventCountry "UKR"]
[SourceTitle "playchess.com"]
[Source "ChessBase"]
[SourceQuality "1"]

{[%evp 10,20,7,-4,-4,-12,0,0,26,17,25,6,32]} 1. e4 e5 2. Nf3 Nf6 3. Nxe5 d6 4. Nc4 Nxe4 5. Qe2 Qe7 6. d3 Nf6 {C42: Petroff Defence: 3 Nxe5 and unusual White 3rd moves.} 7. Bg5 Qxe2+ 8. Bxe2 Nd5 {[#]} 9. Ne3 $146 ({Predecessor:} 9. Bf3 Be7 10. Bxe7 Nxe7 11. Nc3 Nbc6 12. Ne2 Be6 13. O-O-O d5 14. Ne3 Ne5 15. Bh5 {0-1 (69) Potapov,P (2406)-Ilincic,Z (2451) Budapest 2006}) 9... Nxe3 10. Bxe3 Be7 {A rather calm draw.  Weighted Error Value: White=0.09/Black=0.12} 1/2-1/2

[Event "Mykolaiv IM Feb 2021"]
[Site "Mykolaiv"]
[Date "2021.03.05"]
[Round "9.5"]
[White "Kushko, Dmitriy"]
[Black "Bondar, Dmytro"]
[Result "1/2-1/2"]
[WhiteElo "2285"]
[BlackElo "2254"]
[Annotator "TA"]
[PlyCount "153"]
[EventDate "2021.02.25"]
[EventType "tourn"]
[EventCountry "UKR"]
[SourceTitle "playchess.com"]
[Source "ChessBase"]
[SourceQuality "1"]

{[%evp 10,153,15,0,0,0,0,0,3,-2,9,4,8,5,12,13,30,25,30,16,34,35,40,39,84,94,82,83,85,81,125,125,125,125,125,125,125,125,125,125,125,125,125,125,125,125,125,125,139,132,126,125,132,132,132,132,145,145,145,138,155,155,155,155,155,155,155,155,167,155,150,146,312,266,267,267,505,502,489,433,835,752,878,866,555,737,676,0,96,0,927,933,984,1006,737,983,705,900,900,608,737,188,731,593,486,188,188,0,0,0,0,0,0,0,0,0,0,0,0,0,0,0,0,0,0,0,0,0,0,0,0,0,0,0,12847,12844,12845,12845,12845,0,0,-28000,-28000,-28000,-28000,-28000]} 1. g3 c5 2. Bg2 g6 3. c4 Bg7 4. Nc3 Nc6 5. Nf3 d6 6. a3 e6 {A37: Symmetrical English vs ...g6: 4 Bg2 Bg7 5 Nf3.} 7. h4 h6 8. d3 Nge7 {The position is equal.} 9. Bd2 O-O 10. Rb1 b6 11. Qc1 {[#]} h5 $146 ({Predecessor:} 11... Kh7 12. b4 Rb8 13. bxc5 dxc5 14. Kf1 f5 15. Kg1 Nd4 16. Nxd4 cxd4 17. Nd1 Bb7 18. Bxb7 Rxb7 {0-1 (65) Loginov,V (2500)-Sivokho,S (2425) St Petersburg 1998}) 12. Bh6 Bb7 13. Bxg7 Kxg7 14. O-O Qc7 15. b4 Rad8 16. Qb2 e5 17. bxc5 dxc5 18. Nb5 $1 $36 {[%cal Rb5c7][%mdl 2048] White has strong initiative.} Qb8 {[#]} 19. Nxe5 $1 Qxe5 (19... Nxe5 20. Bxb7) 20. Qxe5+ Nxe5 21. Bxb7 N5c6 22. Bxc6 Nxc6 23. Kg2 Rfe8 24. Rfe1 Re7 25. Nc3 Nd4 26. e3 Nc6 27. Nd5 Red7 28. f4 Ne7 29. e4 Nc6 30. Rb2 Nd4 31. Kf2 Re8 32. Rg1 f5 33. Re1 Re6 34. exf5 gxf5 35. Rxe6 Nxe6 $16 {[%mdl 4096] Endgame KRN-KRN} 36. Re2 $1 {[%cal Re2e6]} Kf7 37. a4 Nd4 38. Re5 Rb7 39. Ne3 Kg6 40. Rd5 a6 $2 (40... Kf6 $16 41. Rd8 Kg7) 41. Rd6+ $18 Kg7 42. Nd5 b5 $2 (42... Kf8 43. Kg2 (43. Nxb6 a5 $16) (43. Rxb6 Rxb6 44. Nxb6 Ke7 $18) 43... b5) 43. cxb5 axb5 44. a5 {[%cal Ba4a5,Ba5a6][%mdl 32]} b4 (44... Kf8 $142 45. a6 Ra7 46. Rf6+ Kg7) 45. a6 Rb5 46. a7 ({Not} 46. Rd7+ Kg6 $18) 46... Ra5 47. Rd7+ Kh6 {[#]} 48. Rd6+ $2 (48. Nxb4 $1 $18 {[%mdl 512]} cxb4 49. Rxd4) 48... Kg7 $16 {[#]} 49. Rd7+ $2 {[%mdl 8192]} (49. Nxb4 $1 $16 Rxa7 50. Na6) 49... Kh6 $1 $18 {[#]} 50. Nxb4 $1 {[%mdl 512]} cxb4 (50... Nb5 51. Nc6) 51. Rxd4 Rxa7 52. Rxb4 {KR-KR} Ra2+ 53. Ke3 Rg2 54. Kf3 $1 {[%cal Rf3g2]} Rd2 55. Rd4 (55. d4 Rd3+ 56. Kf2) 55... Kg6 $2 (55... Rb2 56. Rd6+ Kg7 57. Rd7+ Kg6 58. Rd6+ Kg7) 56. Rd6+ Kg7 57. Ke3 $2 (57. Rd7+ Kf6 58. Rd6+ Kg7 59. Rd7+ Kh6 60. Rd8) 57... Rg2 58. Kd4 $2 (58. Rd7+ $1 $18 Kg6 59. Kf3) 58... Rxg3 $11 59. Ke5 Rh3 60. Kxf5 {Threatens to win with Kg5.} Rxh4 61. d4 {aiming for d5.} Rh1 62. Rd7+ (62. d5 {is interesting.} h4 63. Rb6 Rd1 64. d6 h3 65. Rb7+) 62... Kh6 $1 63. Rd6+ Kg7 64. Rd7+ (64. d5 {is more complex.} h4 65. Rb6 Rd1 66. d6 h3 67. Rb7+) 64... Kh6 $1 65. d5 {d6 is the strong threat.} h4 $1 66. Rd6+ Kg7 67. Ra6 h3 68. Ra7+ (68. d6 {looks sharper.} Rd1 69. Ra7+ Kh6 70. d7 h2 71. d8=R) 68... Kg8 69. Ra8+ Kg7 70. Ra7+ (70. d6 {with more complications.} Rd1 71. Ra7+ Kf8 72. Ra8+ Kf7 73. Ra7+) 70... Kg8 71. Ra2 h2 $2 {[%mdl 8192]} (71... Rd1 $11) 72. Rd2 Kf7 {[#]} 73. d6 $1 {[%cal Rd6d7] White wants to mate with d7.} Ke8 {[#]} 74. Kf6 $2 (74. Re2+ $1 $18 Kd7 75. Ke5) 74... Rf1 $2 {[%mdl 8192]} ({Avoid the trap} 74... Kd7 $2 75. f5 $18) (74... Kd8 $11) 75. Rxh2 Rxf4+ 76. Ke5 Rf1 77. Rh8+ {[%mdl 32768] Weighted Error Value: White=0.36/Black=0.16. An unexpected result.} 1/2-1/2